| 000 | 00483nam a22001937a 4500 | ||
|---|---|---|---|
| 003 | MPLRDC | ||
| 005 | 20220104123828.0 | ||
| 008 | 210129b ||||| |||| 00| 0 eng d | ||
| 020 | _a957-482-122-6 | ||
| 082 | _a857.7 FXDQ v.428 | ||
| 100 | _a心岚 | ||
| 245 |
_a撒旦的条件 _c |
||
| 250 | _a初版 | ||
| 260 |
_a台湾 _b飞象文化事业有限公司 _c2000 |
||
| 300 | _b206 | ||
| 490 | _a非限定情话. 428 | ||
| 650 | _a长篇小说 | ||
| 942 |
_cBK _o857.7 FXDQ v.428 |
||
| 999 |
_c14527 _d14517 |
||